zpět

Detail výsledku týmu

Chicago Bar & Grill ČT, Liberec

Datum a čas kvízu

25 Celkem bodů Celkový počet nahraných bodů na tomto kvízu bez doplňovacích otázek.
7. Pořadí na kvízu Konečné umístění týmu na tomto kvízu.

Zaznamenané odpovědi

# Otázka Odpověď Body Výsledky
1. V pondělí byl na hradě Špilber... D) je nafukovací 1
2. Minulý týden jsme se dozvěděli... pilot si zapomněl cestovní pas 0
3. 43letý šéfkuchař ukončil na vl... Radek Kašpárek, Jan Punčochář 1
4. Jedna evropská metropole pokra... Paříž 0
5. Jak se jmenuje 19letý český te... Jakub Menšík 1
6. Grónsko má v dánském parlament... Faerským ostrovům 0
7. Pokud byste chtěli okusit jedn... A 1
8. Že je Grónsko největším ostrov... C 1
9. Které tvrzení o Grónsku je pra... D 1
10. Pod kterým písmenem je snímek... D 1